|
|
|
|
| LEADER |
00000nam0a2200000 4500 |
| 001 |
326716 |
| 005 |
20231102003905.0 |
| 035 |
|
|
|a (RuTPU)RU\TPU\book\352376
|
| 090 |
|
|
|a 326716
|
| 100 |
|
|
|a 20170113d1987 k y0rusy5003 ca
|
| 101 |
0 |
|
|a rus
|
| 102 |
|
|
|a RU
|
| 105 |
|
|
|a a z 001zy
|
| 200 |
1 |
|
|a Научно-методические основы применения ЭВМ в учебном процессе
|e межвузовский сборник научных трудов
|f Ленинградский институт авиационного приборостроения (ЛИАП) ; науч. ред. В. И. Прохоров
|
| 210 |
|
|
|a Ленинград
|c Изд-во ЛИАП
|d 1987
|
| 215 |
|
|
|a 157 с.
|c ил.
|d 20 см
|
| 225 |
1 |
|
|a Межвузовский сборник [Ленинградского института авиационного приборостроения]
|v Вып. 189
|
| 320 |
|
|
|a Библиогр. в конце статей
|
| 320 |
|
|
|a Библиография в конце статей
|
| 606 |
1 |
|
|a Технические средства обучения в высшем учебном заведении
|2 stltpush
|3 (RuTPU)RU\TPU\subj\60105
|9 77595
|
| 610 |
1 |
|
|a высшие учебные заведения
|
| 610 |
1 |
|
|a обучающие машины
|
| 610 |
1 |
|
|a методика преподавания
|
| 610 |
1 |
|
|a ЭВМ
|
| 610 |
1 |
|
|a электронные вычислительные машины
|
| 610 |
1 |
|
|a программное обеспечение
|
| 610 |
1 |
|
|a техническое обеспечение
|
| 610 |
1 |
|
|a методическое обеспечение
|
| 610 |
1 |
|
|a использование
|
| 610 |
1 |
|
|a учебные процессы
|
| 610 |
1 |
|
|a автоматизированное обучение
|
| 686 |
|
|
|a Ч481.27
|v LBC/SL-A
|2 rubbk
|
| 702 |
|
1 |
|a Прохоров
|b В. И.
|g Владимир Иванович
|4 340
|
| 712 |
0 |
2 |
|a Ленинградский институт авиационного приборостроения (ЛИАП)
|2 stltpush
|3 (RuTPU)RU\TPU\col\5782
|
| 801 |
|
0 |
|a RU
|b RuMRKP
|c 19950417
|g psbo
|
| 801 |
|
1 |
|a RU
|b 63413507
|c 20170113
|
| 801 |
|
2 |
|a RU
|b 63413507
|c 20180208
|g RCR
|
| 942 |
|
|
|c BK
|